000 00360nam a2200157Ia 4500
003 OSt
005 20240326122047.0
008 170524s9999 xx 000 0 und d
020 _a8173912882
040 _cIIMTU MEERUT
100 _aManon-Sreelata
245 0 _aFood Nutrition and Agreculture
260 _bKanishka Pub.
260 _c1999
942 _2ddc
_c02
999 _c6648
_d6648